| 000 | 00808nam a2200217 a 4500 | ||
|---|---|---|---|
| 001 | 000037254 | ||
| 005 | 20200930080237.0 | ||
| 008 | 120321s2010 ve 000 0 spa d | ||
| 020 | _a9789807053068 | ||
| 040 |
_aDO-SdBNP _bspa _cBNPHU |
||
| 082 |
_axxx _bR124p |
||
| 100 | 1 |
_aRada Aragol, Yasmín. _963670 |
|
| 245 | 1 | 0 |
_aProtesta estudiantil y represión en Venezuela 1983-1993 / _cYasmín Rada Aragol, Orlando José Contreras. |
| 260 |
_aCaracas, Venezuela : _bArchivo General de la Nación, _bCentro Nacional de Historia, _c2010. |
||
| 300 |
_a183 p. ; _c21 cm. |
||
| 490 | 1 |
_aBicentenario _v7 |
|
| 500 | _aIncluye datos biográficos del autor en la solapa de la contracubierta. | ||
| 504 | _aBibliografía: p. 179-183 | ||
| 700 | 1 | 2 |
_aContreras, Orlando José _963671 |
| 830 | 0 |
_aBicentenario _n7 _963672 |
|
| 999 |
_c36744 _d36744 |
||